000 00506nam a22001817a 4500
003 MPLRDC
005 20220104142938.0
008 210129b ||||| |||| 00| 0 eng d
020 _a7-5008-0632-9
082 _a529.61 AWR
100 _a詹姆士. 阿维诺等著
245 _a培养超常儿童的父母指南
_c查子秀等译
250 _a一版一刷
260 _a
_b中国工人出版社
_c1990
300 _b
650 _a特殊儿童教育--资赋优异教育
942 _cBK
_o529.61 AWR
999 _c35141
_d35131